| 000 | 01080cac a2200337 i 4500 | ||
|---|---|---|---|
| 003 | EG-GICUC | ||
| 005 | 20260121101341.0 | ||
| 008 | 871029s1987 ilu frb 000 0 eng d | ||
| 020 | _a0915463423 | ||
| 020 | _a9780915463428 | ||
| 040 |
_aDLC _cDLC _dDLC _dEG-GICUC _beng _erda |
||
| 043 | _an-us--- | ||
| 050 | 0 | 0 |
_aKF4510 _b.S7 1987 |
| 082 | 0 | 0 |
_a342.09 _221 |
| 092 | 0 | 4 | _221 |
| 099 | _aLaw 08 1987 | ||
| 100 | 1 | _aSt. John, Jeffrey. | |
| 245 | 1 | 0 |
_aConstitutional journal : _ba correspondent's report from the Convention of 1787 / _cJeffrey St. John. |
| 264 |
_aOttawa, Ill. : _bJameson Books, _c1987. |
||
| 300 |
_axxiv, 294 page ; _c22 cm. |
||
| 336 |
_atext _btxt _2rdacontent |
||
| 337 |
_aunmediated _bn _2rdamedia |
||
| 338 |
_avolume _bnc _2rdacarrier |
||
| 500 | _aFiction. | ||
| 504 | _aIncludes bibliographical references. | ||
| 610 | 1 | 0 |
_aUnited States. _bConstitutional Convention _d(1787) |
| 650 | 0 |
_aConstitutional history _zUnited States. |
|
| 856 | 4 | 0 | _uhttps://fll.law.cu.edu.eg/fulltext/bks/ENGB08-00020.pdf |
| 905 | _a10 | ||
| 942 |
_2ddc _cBK _e21 _n0 |
||
| 999 |
_c45818 _d45818 |
||